Stardew valley random trivia - Statistics

General Stats
  • This quiz has been taken 72 times
  • The average score is 12 of 16
Answer Stats
Hint Answer % Correct
Who is the owner of the general shop Pierre
100%
How many days are in a season 28
98%
Who is Jodi’s husband Kent
93%
Spell the name of robins husband correctly Demetrius
92%
How many floors are in the mines 120
90%
Who gives you the green tea sapling recipe Caroline
85%
Who gives you blue chickens Shane
85%
What magic species lives in the community center The junimos
83%
Who is the wizard’s daughter Abigail
81%
What crop grows in summer and fall Corn
81%
What golden food do you need to collect in order to enter mr qi’s room Walnut
75%
Who gives you the “key to the town” Mr qi
64%
Who sits on the rocking chair in the adventurers guild Gil
63%
Who lives in a tree when you fist meet them Leo
61%
What is the best food Magic rock candy
32%
What is the name of the rock that lets you get meowmere Faraway stone
27%
No matching quizzes found
Score Distribution
Percent of People with Each Score
Percentile by Number Answered
Your Score History
You have not taken this quiz